000 01014nam a22001697a 4500
008 110608t xxu||||| |||| 00| 0 eng d
010 _aSCCAF4
245 _a Supreme Court Civil Appeal No. 8 of 2004 Attorney General and another Vs James Mark Kamoga and anopther
260 _c2004
500 _aCoram: Odoki C.J, Tsekooko, Mulenga, Kanyeihamba, Katureebe JJ.S.C.
500 _aArising from decision of the Court of Appeal ( Engwau, Kitumba , Byamugisha JJ.A at Kampala in Civil Appeal No. 74/02, dated 30 march 2004
999 _c2474
_d2474